[Event "British Columbia -ch Seniors"]
[Site "Surrey CAN"]
[Date "2023.06.10"]
[Round "3.2"]
[White "Kagaoan, Jose"]
[Black "Beqo, Besnik"]
[Result "1/2-1/2"]
[WhiteElo "1928"]
[BlackElo "2139"]
[PlyCount "100"]
[EventDate "2023.06.09"]
[EventType "swiss"]
[EventRounds "5"]
[EventCountry "CAN"]

1. e4 c5 2. a3 d5 3. exd5 Nf6 4. c4 e6 5. dxe6 Bxe6 6. Nf3 Nc6 7. Be2 Be7 8.
Nc3 O-O 9. O-O Qd7 10. d3 Rad8 11. Bg5 h6 12. Be3 Ng4 13. h3 Nge5 14. Ne4 b6
15. Qc2 f5 16. Nc3 f4 17. Bc1 Nxf3+ 18. Bxf3 Nd4 19. Qd1 Nxf3+ 20. Qxf3 Qxd3
21. Qxd3 Rxd3 22. Re1 Kf7 23. Bxf4 Bxc4 24. Re4 Rd4 25. Rae1 Bf6 26. Be5 Rxe4
27. Rxe4 Bxe5 28. Rxe5 Rd8 29. Ne4 Rd1+ 30. Kh2 Rd4 31. Kg3 Bd3 32. Nc3 Bc4 33.
Ne4 Be6 34. Nc3 a6 35. f4 g6 36. Kf3 Bd7 37. Ke3 Bc6 38. g3 Rd8 39. h4 c4 40.
Ke2 Rd3 41. Re3 Rd4 42. Ke1 b5 43. Re5 Rd3 44. Rc5 Bd7 45. Rd5 Rxd5 46. Nxd5 a5
47. Kd2 Ke6 48. Ne3 h5 49. Kc3 Kd6 50. Kd4 Be6 1/2-1/2

[Event "British Columbia -ch Seniors"]
[Site "Surrey CAN"]
[Date "2023.06.10"]
[Round "3.4"]
[White "Sardari, Reza"]
[Black "Catona, Dan"]
[Result "1-0"]
[WhiteElo "1938"]
[BlackElo "1838"]
[PlyCount "89"]
[EventDate "2023.06.09"]
[EventType "swiss"]
[EventRounds "5"]
[EventCountry "CAN"]

1. f4 d5 2. Nf3 c5 3. g3 Nc6 4. Bg2 g6 5. d3 Bg7 6. c3 Nf6 7. O-O O-O 8. a4 Qb6
9. Kh1 Na5 10. Ra3 c4 11. Ne5 Bf5 12. Nd2 cxd3 13. exd3 Nc6 14. Ndf3 Ng4 15.
Nxc6 bxc6 16. Qe2 Qa6 17. c4 dxc4 18. dxc4 Be6 19. b3 Qb6 20. h3 Nf6 21. Ne5
Rac8 22. a5 Qc5 23. Ra4 Qd6 24. Rd1 Nh5 25. Kh2 Qc7 26. g4 Bxe5 27. fxe5 Ng7
28. Bf4 Rfd8 29. Raa1 Rxd1 30. Qxd1 Rd8 31. Qf3 c5 32. Qb7 Qxb7 33. Bxb7 h5 34.
Bf3 Rd3 35. Bd1 Rd4 36. Be3 Re4 37. Bxc5 hxg4 38. hxg4 Rxe5 39. Bxa7 Bd7 40.
Bd4 Re4 41. Bf2 Rf4 42. Kg3 e5 43. Bf3 f5 44. Be3 fxg4 45. Bd5+ 1-0

[Event "British Columbia -ch Seniors"]
[Site "Surrey CAN"]
[Date "2023.06.10"]
[Round "3.6"]
[White "Curiel, Hector"]
[Black "Gornall, Kirk"]
[Result "0-1"]
[WhiteElo "1551"]
[BlackElo "2163"]
[PlyCount "82"]
[EventDate "2023.06.09"]
[EventType "swiss"]
[EventRounds "5"]
[EventCountry "CAN"]

1. d4 Nf6 2. Nf3 e6 3. Bf4 c5 4. e3 d5 5. c4 cxd4 6. exd4 Nc6 7. Bd3 Be7 8. O-O
O-O 9. Nbd2 Nb4 10. Be2 dxc4 11. Nxc4 b6 12. a3 Nbd5 13. Bg3 Bb7 14. Rc1 Rc8
15. Bd3 b5 16. Nce5 Rxc1 17. Qxc1 Qb6 18. Qd2 Rc8 19. Ng5 Rf8 20. Rc1 h6 21.
Ngf3 Rc8 22. Rxc8+ Bxc8 23. Qc2 Bb7 24. h3 b4 25. Nc4 Qc6 26. Nfe5 Qe8 27. Qb3
Nh5 28. Bh2 Nhf4 29. Bxf4 Nxf4 30. Bf1 f6 31. Nf3 Qh5 32. Ne1 Bd5 33. Qe3 Qg5
34. Nd2 Nxh3+ 35. Qxh3 Qxd2 36. Nd3 bxa3 37. bxa3 Bd6 38. Qh5 Bxa3 39. g3 Bd6
40. Qe8+ Kh7 41. Nc5 Bxg3 0-1

[Event "British Columbia -ch Seniors"]
[Site "Surrey CAN"]
[Date "2023.06.11"]
[Round "4.1"]
[White "Beqo, Besnik"]
[Black "Fuentebella, Mayo"]
[Result "1/2-1/2"]
[WhiteElo "2139"]
[BlackElo "2249"]
[PlyCount "153"]
[EventDate "2023.06.09"]
[EventType "swiss"]
[EventRounds "5"]
[EventCountry "CAN"]

1. e4 c5 2. Nf3 e6 3. c3 d5 4. exd5 Qxd5 5. d4 Nc6 6. Na3 cxd4 7. Nb5 Bd6 8.
Bc4 Qe4+ 9. Qe2 Qxe2+ 10. Kxe2 Bb8 11. Nbxd4 Nge7 12. Be3 O-O 13. Rhd1 e5 14.
Nb5 Bg4 15. h3 Na5 16. Bxf7+ Rxf7 17. hxg4 a6 18. Nd6 Bxd6 19. Rxd6 Nc4 20. Rd7
Nc6 21. Rad1 Raf8 22. Ng5 Nxe3 23. Rxf7 Rxf7 24. Kxe3 Re7 25. Ne4 Kf7 26. Nd6+
Kf6 27. Nf5 Rf7 28. Nd6 Re7 29. f3 Ke6 30. Ne4 Rc7 31. Ng5+ Kf6 32. Nxh7+ Kg6
33. Nf8+ Kf6 34. Nd7+ Ke7 35. Nb6 Ke6 36. b4 Ne7 37. Rd3 Rc6 38. Na4 b6 39. Kd2
Nd5 40. g3 e4 41. fxe4 Nf6 42. Ke3 Nxg4+ 43. Kf4 Ne5 44. Rd8 Nd7 45. Rg8 Kf6
46. Rd8 Ke6 47. Ra8 b5 48. Nc5+ Nxc5 49. bxc5 Kf6 50. a3 Rxc5 51. Rxa6+ Kf7 52.
Rb6 Rxc3 53. Rxb5 Rxa3 54. g4 Ra4 55. Rb7+ Kg6 56. Rb6+ Kf7 57. Ke5 Ra5+ 58.
Kd6 Kf6 59. Rc6 Rg5 60. Rc1 Rxg4 61. Rf1+ Kg6 62. e5 Rd4+ 63. Ke6 Ra4 64. Rg1+
Kh7 65. Rd1 Kg6 66. Ke7 Kf5 67. e6 g5 68. Kf7 g4 69. Rf1+ Kg5 70. e7 Re4 71.
e8=Q Rxe8 72. Kxe8 g3 73. Kf7 Kg4 74. Kg6 g2 75. Ra1 Kg3 76. Kg5 Kh2 77. Kf4
1/2-1/2

[Event "British Columbia -ch Seniors"]
[Site "Surrey CAN"]
[Date "2023.06.11"]
[Round "4.3"]
[White "Mohammed Qanee, Arpak Worya"]
[Black "Kagaoan, Jose"]
[Result "1-0"]
[WhiteElo "2079"]
[BlackElo "1928"]
[PlyCount "91"]
[EventDate "2023.06.09"]
[EventType "swiss"]
[EventRounds "5"]
[EventCountry "CAN"]

1. d4 e6 2. e4 b6 3. Nc3 Bb7 4. Nf3 d6 5. Bd3 Nd7 6. O-O h6 7. Ne2 Ngf6 8. Ng3
g6 9. a4 a5 10. h3 Bg7 11. Bf4 Qe7 12. Qd2 Rd8 13. Rad1 g5 14. Nxg5 hxg5 15.
Bxg5 c6 16. Rde1 Kf8 17. Nf5 exf5 18. exf5 Ne5 19. f4 Qd7 20. fxe5 dxe5 21.
dxe5 Qd4+ 22. Qf2 Qxb2 23. exf6 Bxf6 24. Rb1 Qd4 25. Bxf6 Qxf6 26. Rxb6 Rd7 27.
Rfb1 Bc8 28. Qc5+ Qd6 29. Rxc6 Qxc5+ 30. Rxc5 Ke7 31. Rb8 Rdd8 32. Rxa5 Bd7 33.
Rxd8 Rxd8 34. Kf2 Bc6 35. g4 f6 36. Ra6 Be8 37. Re6+ Kf7 38. Bc4 Kg7 39. Bb5
Bf7 40. Re7 Kf8 41. Rd7 Rc8 42. Bd3 Be8 43. Ra7 Bc6 44. a5 Ba4 45. a6 Bc6 46.
h4 1-0

[Event "British Columbia -ch Seniors"]
[Site "Surrey CAN"]
[Date "2023.06.11"]
[Round "4.3"]
[White "Sullivan, Brian"]
[Black "Sardari, Reza"]
[Result "0-1"]
[WhiteElo "1374"]
[BlackElo "1938"]
[PlyCount "64"]
[EventDate "2023.06.09"]
[EventType "swiss"]
[EventRounds "5"]
[EventCountry "CAN"]

1. d4 f5 2. c4 Nf6 3. Nc3 g6 4. Nf3 d6 5. e3 Bg7 6. Bd3 O-O 7. O-O c6 8. Qb3
Kh8 9. d5 Na6 10. dxc6 bxc6 11. a3 e5 12. Be2 Nc5 13. Qc2 Bb7 14. b4 Nce4 15.
Bb2 Qe7 16. Rab1 Nxc3 17. Bxc3 Ne4 18. Be1 c5 19. b5 Ng5 20. Nxg5 Qxg5 21. g3
f4 22. exf4 exf4 23. f3 fxg3 24. hxg3 Bd4+ 25. Kg2 Rae8 26. Bf2 Be5 27. Rh1 Qg4
28. Qd3 Bxg3 29. Bxg3 Rxe2+ 30. Qxe2 Bxf3+ 31. Qxf3 Rxf3 32. Rh3 Rxg3+ 0-1

[Event "British Columbia -ch Seniors"]
[Site "Surrey CAN"]
[Date "2023.06.11"]
[Round "4.4"]
[White "Gornall, Kirk"]
[Black "Kerry, James"]
[Result "1/2-1/2"]
[WhiteElo "2163"]
[BlackElo "1802"]
[PlyCount "55"]
[EventDate "2023.06.09"]
[EventType "swiss"]
[EventRounds "5"]
[EventCountry "CAN"]

1. d4 Nf6 2. Nc3 d5 3. Bf4 c5 4. e4 e6 5. dxc5 Bxc5 6. exd5 exd5 7. Bxb8 Rxb8
8. Bb5+ Bd7 9. Qe2+ Be7 10. O-O-O Bc6 11. Re1 Kf8 12. Nf3 Qc7 13. Nd4 Bd6 14.
g3 g6 15. Qe3 Kg7 16. Qg5 Qd7 17. Bd3 Ne4 18. Bxe4 dxe4 19. Nxc6 Qxc6 20. Nxe4
Bb4 21. c3 Rhe8 22. f3 f5 23. Nd2 Bxc3 24. bxc3 Qxc3+ 25. Kb1 Qd3+ 26. Kb2 Qd4+
27. Kb1 Qd3+ 28. Kb2 1/2-1/2

[Event "British Columbia -ch Seniors"]
[Site "Surrey CAN"]
[Date "2023.06.11"]
[Round "4.5"]
[White "McLaren, Brian"]
[Black "Leblanc, Paul"]
[Result "1/2-1/2"]
[WhiteElo "2012"]
[BlackElo "1727"]
[PlyCount "72"]
[EventDate "2023.06.09"]
[EventType "swiss"]
[EventRounds "5"]
[EventCountry "CAN"]

1. g3 d5 2. f4 Nc6 3. Nf3 Bg4 4. Bg2 Qd7 5. Nc3 Nf6 6. h3 Bxf3 7. Bxf3 e5 8. e3
exf4 9. gxf4 O-O-O 10. d3 Kb8 11. Ne2 Bc5 12. c3 Rhe8 13. Kf2 Qe6 14. Nd4 Nxd4
15. cxd4 Bb6 16. b4 c6 17. Bd2 Nd7 18. Qb3 Nf6 19. a4 Rc8 20. Rac1 h6 21. Rcg1
Rg8 22. Bg4 Nxg4+ 23. hxg4 Rce8 24. Qd1 f5 25. Rh5 g5 26. fxg5 hxg5 27. gxf5
Qxf5+ 28. Ke2 Bxd4 29. Qf1 Qe5 30. Rh3 Bb6 31. Qg2 Rg7 32. a5 Bc7 33. Rh5 Bd8
34. Qg3 Qxg3 35. Rxg3 Rf7 36. Rg4 Ref8 1/2-1/2

[Event "British Columbia -ch Seniors"]
[Site "Surrey CAN"]
[Date "2023.06.11"]
[Round "5.1"]
[White "Fuentebella, Mayo"]
[Black "Mohammed Qanee, Arpak Worya"]
[Result "0-1"]
[WhiteElo "2249"]
[BlackElo "2079"]
[PlyCount "124"]
[EventDate "2023.06.09"]
[EventType "swiss"]
[EventRounds "5"]
[EventCountry "CAN"]

1. c4 c5 2. Nc3 Nc6 3. Nf3 g6 4. d4 cxd4 5. Nxd4 Bg7 6. e3 Nf6 7. Be2 O-O 8.
O-O d5 9. cxd5 Nxd5 10. Nxd5 Qxd5 11. Bf3 Qc5 12. Nxc6 bxc6 13. Qa4 Rb8 14.
Bxc6 Rb4 15. Qa3 a5 16. Bf3 Qb5 17. Rd1 Be6 18. Qd3 Rb8 19. h3 Bxb2 20. Bxb2
Rxb2 21. Bd5 Qxd3 22. Rxd3 Rc8 23. Bxe6 fxe6 24. Ra3 Rcc2 25. Rxa5 Rxf2 26. Rg5
Rxa2 27. Re1 Kg7 28. Rg3 e5 29. e4 Rfe2 30. Re3 Rxg2+ 31. Kh1 Rh2+ 32. Kg1
Rag2+ 33. Kf1 Kh6 34. Rf3 Rh1+ 35. Kxg2 Rxe1 36. Rf7 Rxe4 37. Rxe7 g5 38. Kg3
Kg6 39. Re6+ Kf5 40. Rh6 Rh4 41. Ra6 h5 42. Ra8 Rb4 43. Rf8+ Ke4 44. Rg8 Rb3+
45. Kg2 Rb2+ 46. Kf1 Kf3 47. Rf8+ Kg3 48. Rf5 Rb1+ 49. Ke2 Kh4 50. Rxe5 Rb3 51.
Kf2 Rxh3 52. Kg2 Rg3+ 53. Kh2 Rc3 54. Re2 g4 55. Kg2 Rc5 56. Ra2 Kg5 57. Rb2 h4
58. Ra2 h3+ 59. Kh2 Kh4 60. Ra1 g3+ 61. Kh1 Rc3 62. Kg1 h2+ 0-1

[Event "British Columbia -ch Seniors"]
[Site "Surrey CAN"]
[Date "2023.06.11"]
[Round "5.2"]
[White "Sardari, Reza"]
[Black "Beqo, Besnik"]
[Result "1-0"]
[WhiteElo "1938"]
[BlackElo "2139"]
[PlyCount "117"]
[EventDate "2023.06.09"]
[EventType "swiss"]
[EventRounds "5"]
[EventCountry "CAN"]

1. f4 Nf6 2. Nf3 g6 3. g3 Bg7 4. Bg2 O-O 5. O-O c6 6. c3 d6 7. Kh1 a5 8. a4 h5
9. Qe1 Ne4 10. d3 Nc5 11. Be3 Nba6 12. Nbd2 Bg4 13. d4 Nd7 14. h3 Bxf3 15. Rxf3
e6 16. Bg1 d5 17. e4 Nf6 18. e5 Nd7 19. g4 hxg4 20. hxg4 f6 21. exf6 Qxf6 22.
g5 Qe7 23. Bh3 Kf7 24. Re3 Nc7 25. Bh2 Rh8 26. f5 gxf5 27. Bxc7 Qxg5 28. Rg3
Qh5 29. Kg2 Rag8 30. Qd1 Qh6 31. Qe2 Bf6 32. Rh1 Bh4 33. Rxg8 Rxg8+ 34. Kf1 Qg5
35. Bh2 Nf6 36. Rg1 Ng4 37. Bxg4 fxg4 38. Bg3 Ke7 39. Ke1 Bxg3+ 40. Rxg3 Qh4
41. Nf1 Rg6 42. Qe5 Rf6 43. Qc7+ Kf8 44. Qd8+ Kf7 45. Qd7+ Kf8 46. Qd6+ Kf7 47.
Ke2 Kg6 48. Qe5 Kf7 49. Ne3 Qh2+ 50. Rg2 Qh3 51. Rxg4 Rg6 52. Rf4+ Kg8 53. Qb8+
Kh7 54. Rf7+ Rg7 55. Rxg7+ Kxg7 56. Qc7+ Kg6 57. Qf4 Qh1 58. Qg4+ Kf7 59. Qf3+
1-0

[Event "British Columbia -ch Seniors"]
[Site "Surrey CAN"]
[Date "2023.06.11"]
[Round "5.4"]
[White "Vilches, Rio"]
[Black "Lee, Mau-Seng"]
[Result "1-0"]
[WhiteElo "1147"]
[BlackElo "1288"]
[PlyCount "61"]
[EventDate "2023.06.09"]
[EventType "swiss"]
[EventRounds "5"]
[EventCountry "CAN"]

1. e4 e5 2. Bc4 Nf6 3. Nc3 Bc5 4. Nf3 O-O 5. a3 Nc6 6. O-O a6 7. h3 d6 8. Re1
b5 9. Ba2 Nd4 10. d3 Be6 11. Bg5 Bxa2 12. Nxa2 h6 13. Bh4 Ne6 14. b4 Bb6 15.
Nc3 g5 16. Bg3 Nh5 17. Bxe5 dxe5 18. Nxe5 Nhf4 19. Nd5 Nxd5 20. exd5 Qxd5 21.
Ng4 Kg7 22. Re5 Qc6 23. g3 Bd4 24. Rf5 Bxa1 25. Qxa1+ f6 26. Rxf6 Kg8 27. Rg6+
Kh7 28. Rxh6+ Kg8 29. Rh8+ Kf7 30. Ne5+ Ke8 31. Rxf8+ 1-0

[Event "British Columbia -ch Seniors"]
[Site "Surrey CAN"]
[Date "2023.06.11"]
[Round "5.5"]
[White "Kerry, James"]
[Black "McLaren, Brian"]
[Result "0-1"]
[WhiteElo "1802"]
[BlackElo "2012"]
[PlyCount "144"]
[EventDate "2023.06.09"]
[EventType "swiss"]
[EventRounds "5"]
[EventCountry "CAN"]

1. e4 Nf6 2. Nc3 d5 3. exd5 Nxd5 4. Nf3 Bg4 5. Be2 e6 6. d4 Be7 7. O-O O-O 8.
Ne5 Bxe2 9. Qxe2 c6 10. Ne4 Nd7 11. Rd1 Qe8 12. c4 N5f6 13. Bf4 Nxe4 14. Nxd7
Qxd7 15. Qxe4 Rad8 16. Rd3 Rfe8 17. Rad1 Bf6 18. Be5 Qe7 19. b3 g6 20. Bxf6
Qxf6 21. Qe5 Qg7 22. g3 h5 23. h4 Rd7 24. Qc5 Qf8 25. a4 a6 26. a5 Red8 27. Qb6
Qe7 28. f4 f6 29. Re1 Qd6 30. Rde3 Re8 31. Kh2 Kf7 32. Rd3 c5 33. Qxd6 Rxd6 34.
d5 exd5 35. Rxe8 Kxe8 36. cxd5 Kd7 37. Kg2 f5 38. Kf3 b6 39. axb6 Rxb6 40. Ke3
Kd6 41. Kd2 Rb4 42. Kc3 Re4 43. Rd2 Re3+ 44. Kc4 Re4+ 45. Kc3 a5 46. Rd3 a4 47.
bxa4 Rxa4 48. Rd2 Ra3+ 49. Kc4 Ra1 50. Kc3 Rc1+ 51. Kb3 c4+ 52. Kb2 Rg1 53. Kc3
Rxg3+ 54. Kxc4 Rf3 55. Rd4 Rh3 56. Kb4 Rh1 57. Rd2 Rc1 58. Rg2 Kxd5 59. Rxg6
Ke4 60. Rg5 Kxf4 61. Rxh5 Ke4 62. Rh8 f4 63. Re8+ Kd4 64. Rd8+ Ke3 65. Re8+ Kf2
66. h5 Rh1 67. Re5 f3 68. Kc3 Kg2 69. Rg5+ Kf1 70. Kd2 f2 71. Kd1 Rh2 72. Kd2
Rg2 0-1

[Event "British Columbia op"]
[Site "Richmond CAN"]
[Date "2023.02.18"]
[Round "1.1"]
[White "Reid, Euan"]
[Black "Le, Quang Long"]
[Result "0-1"]
[WhiteElo "1891"]
[BlackElo "2463"]
[PlyCount "114"]
[EventDate "2023.02.18"]
[EventType "swiss"]
[EventRounds "6"]
[EventCountry "CAN"]

1. d4 Nf6 2. Nf3 e6 3. g3 b6 4. Bg2 Bb7 5. O-O c5 6. dxc5 Bxc5 7. c4 O-O 8. Nc3
h6 9. Qc2 d5 10. cxd5 exd5 11. Rd1 Qe7 12. e3 Nc6 13. a3 Rfd8 14. b4 Bd6 15.
Nb5 Rac8 16. Qb3 Ba6 17. Nxd6 Rxd6 18. Nd4 Nxd4 19. Rxd4 Qc7 20. b5 Bb7 21. a4
Qc2 22. Qxc2 Rxc2 23. Ba3 Rd7 24. Rad1 Ra2 25. R4d3 Rc7 26. R1d2 Rcc2 27. Rxc2
Rxc2 28. Be7 Ng4 29. Bxd5 Nxf2 30. Rd4 Bxd5 31. Rxd5 Ng4 32. Rd7 Nxe3 33. Rxa7
Rg2+ 34. Kh1 Ra2 35. h4 Nc4 36. Ra8+ Kh7 37. Bd8 Rd2 38. Rb8 Rd6 39. Bc7 Re6
40. Ra8 Kg6 41. Kg2 Kf5 42. Rd8 Re2+ 43. Kf3 Re3+ 44. Kf2 Ra3 45. Rb8 Ke4 46.
Bxb6 Ra2+ 47. Ke1 Rxa4 48. Rb7 f5 49. Bc5 Ra1+ 50. Ke2 Ra2+ 51. Kd1 g5 52. Rd7
Nb2+ 53. Kc2 Nd3+ 54. Kb1 Rb2+ 55. Ka1 Rxb5 56. Rd4+ Ke3 57. hxg5 Rxc5 0-1

[Event "British Columbia op"]
[Site "Richmond CAN"]
[Date "2023.02.18"]
[Round "1.2"]
[White "Doknjas, John"]
[Black "Qiu, Peter Yong"]
[Result "1-0"]
[WhiteElo "2341"]
[BlackElo "1886"]
[PlyCount "49"]
[EventDate "2023.02.18"]
[EventType "swiss"]
[EventRounds "6"]
[EventCountry "CAN"]

1. d4 f5 2. g3 Nf6 3. Bg2 g6 4. Nf3 Bg7 5. O-O d6 6. c4 O-O 7. Nc3 c6 8. Qc2 a5
9. a3 Na6 10. Rd1 Bd7 11. e4 fxe4 12. Nxe4 Nxe4 13. Qxe4 Bf5 14. Qh4 Qe8 15.
Re1 Bf6 16. Ng5 Rf7 17. g4 Bd7 18. Qg3 Rg7 19. Be3 Qc8 20. Ne4 Qc7 21. g5 Bxd4
22. Bxd4 Rf7 23. c5 d5 24. Nd6 Raf8 25. Qe5 1-0

[Event "British Columbia op"]
[Site "Richmond CAN"]
[Date "2023.02.18"]
[Round "1.3"]
[White "Levin, Chris"]
[Black "MacKinnon, Keith"]
[Result "1/2-1/2"]
[WhiteElo "1885"]
[BlackElo "2307"]
[PlyCount "122"]
[EventDate "2023.02.18"]
[EventType "swiss"]
[EventRounds "6"]
[EventCountry "CAN"]

1. Nf3 Nf6 2. c4 e6 3. b3 b6 4. Bb2 Bb7 5. e3 Be7 6. Be2 O-O 7. d4 c5 8. O-O
cxd4 9. Nxd4 a6 10. Nd2 Qc7 11. Rc1 d6 12. Bf3 Ra7 13. Qe2 Nbd7 14. Rfd1 Rd8
15. Bxb7 Rxb7 16. e4 g6 17. Nf1 Bf8 18. f3 Bh6 19. Ne3 e5 20. Ndc2 b5 21. Rb1
Nc5 22. cxb5 axb5 23. Nb4 Qb6 24. Bc1 Ne6 25. Qf2 Nf4 26. Kf1 Rc8 27. Ned5
N6xd5 28. Nxd5 Qxf2+ 29. Kxf2 Rc2+ 30. Kf1 Kg7 31. Nb4 Rcc7 32. Rxd6 Bg5 33.
Bb2 Bf6 34. Rbd1 g5 35. Rxf6 Kxf6 36. g3 Rd7 37. Rxd7 Rxd7 38. gxf4 Rd1+ 39.
Ke2 Rh1 40. Bxe5+ Ke6 41. Bb8 Rxh2+ 42. Ke3 gxf4+ 43. Bxf4 Rg2 44. Nd5 Rxa2 45.
Nc7+ Kf6 46. Nxb5 h5 47. Nc3 Ra3 48. Nd5+ Kg6 49. Ne7+ Kf6 50. Nf5 Rxb3+ 51.
Kf2 Rb1 52. Kg3 Kg6 53. Kh3 Rh1+ 54. Kg2 Rb1 55. Ng3 Rb2+ 56. Kh3 Rf2 57. Bd6
Rxf3 58. Kh4 Rd3 59. Bc7 Rc3 60. Bd6 Rd3 61. Bc7 Rc3 1/2-1/2

[Event "British Columbia op"]
[Site "Richmond CAN"]
[Date "2023.02.18"]
[Round "1.4"]
[White "Nunez Asencio, Jorge"]
[Black "Forde, Stephen"]
[Result "1-0"]
[WhiteElo "2303"]
[BlackElo "1872"]
[PlyCount "49"]
[EventDate "2023.02.18"]
[EventType "swiss"]
[EventRounds "6"]
[EventCountry "CAN"]

1. d4 Nf6 2. Nf3 d5 3. c4 c6 4. Nbd2 g6 5. g3 Bg7 6. Bg2 O-O 7. O-O Re8 8. b3
Bf5 9. Bb2 Ne4 10. e3 Nd7 11. Qe2 e5 12. cxd5 cxd5 13. Nxe5 Nxe5 14. dxe5 Bxe5
15. Bxe5 Rxe5 16. Rac1 Qa5 17. Nf3 Ree8 18. Nd4 Bd7 19. Qb2 Rac8 20. Rcd1 Be6
21. Nxe6 Rxe6 22. Rd4 Rd8 23. Rfd1 Red6 24. Bxe4 dxe4 25. Rxd6 1-0

[Event "British Columbia op"]
[Site "Richmond CAN"]
[Date "2023.02.18"]
[Round "1.5"]
[White "Aljo, Johan"]
[Black "Fuentebella, Mayo"]
[Result "0-1"]
[WhiteElo "1871"]
[BlackElo "2261"]
[PlyCount "56"]
[EventDate "2023.02.18"]
[EventType "swiss"]
[EventRounds "6"]
[EventCountry "CAN"]

1. d4 f5 2. e4 fxe4 3. Nc3 Nf6 4. Bg5 c6 5. d5 Nxd5 6. Nxd5 Qa5+ 7. Nc3 Qxg5 8.
Nxe4 Qe5 9. Bd3 d5 10. Nf3 Qf4 11. g3 Qh6 12. Neg5 Bg4 13. Qe2 Nd7 14. c4 e5
15. cxd5 cxd5 16. h3 Be7 17. Bb5 e4 18. Nxe4 dxe4 19. Qxe4 Bxf3 20. Qxf3 O-O-O
21. O-O Kb8 22. Rfe1 Bc5 23. b4 Rhf8 24. Qg4 Bxf2+ 25. Kg2 Bxe1 26. Rxe1 Qd2+
27. Re2 Qd5+ 28. Kh2 Qxb5 0-1

[Event "British Columbia op"]
[Site "Richmond CAN"]
[Date "2023.02.18"]
[Round "1.6"]
[White "Lin, Leo"]
[Black "He, Matthew"]
[Result "0-1"]
[WhiteElo "2245"]
[BlackElo "1853"]
[PlyCount "124"]
[EventDate "2023.02.18"]
[EventType "swiss"]
[EventRounds "6"]
[EventCountry "CAN"]

1. e4 c6 2. Nf3 d5 3. exd5 cxd5 4. Ne5 Nf6 5. d4 e6 6. c3 Bd6 7. Nd2 O-O 8. Bd3
Qc7 9. Qe2 Nc6 10. Ndf3 Ne8 11. h4 f6 12. Bxh7+ Kxh7 13. Ng5+ Kg8 14. Qh5 g6
15. Nxg6 Qg7 16. Nxf8 Nc7 17. Nfh7 e5 18. Nxf6+ Qxf6 19. Qh7+ Kf8 20. Qh5 Kg7
21. Nf7 Qxf7 22. Qh6+ Kg8 23. Qxd6 exd4 24. O-O Bf5 25. Qg3+ Kh7 26. Re1 Ne6
27. Qf3 Ne7 28. cxd4 Rg8 29. Bg5 Nxg5 30. hxg5 Rxg5 31. Rac1 Nc6 32. Qf4 Qg7
33. g3 Be4 34. Rc5 Rg4 35. Qd6 Qxd4 36. Rb5 Qg7 37. Rxe4 Rxe4 38. Qxd5 Re5 39.
Qd3+ Kh8 40. Rb3 Qh6 41. Qc3 Qg7 42. Ra3 a6 43. Ra4 Rh5 44. Qf3 Rg5 45. Rh4+
Kg8 46. Qb3+ Kf8 47. Rf4+ Ke8 48. Qe6+ Qe7 49. Qc8+ Nd8 50. Kg2 Re5 51. Rh4 Qf6
52. Qh3 Qc6+ 53. Kh2 Qe6 54. Rh8+ Kd7 55. Qh4 Nf7 56. Rh7 Qf5 57. Kg2 Ke8 58.
g4 Qe4+ 59. Kh2 Qf4+ 60. Kg2 Re4 61. Rg7 Re7 62. Rg8+ Kd7 0-1

[Event "British Columbia op"]
[Site "Richmond CAN"]
[Date "2023.02.18"]
[Round "1.7"]
[White "Qiu, Andrew Yu"]
[Black "Doknjas, Neil"]
[Result "0-1"]
[WhiteElo "1845"]
[BlackElo "2239"]
[PlyCount "56"]
[EventDate "2023.02.18"]
[EventType "swiss"]
[EventRounds "6"]
[EventCountry "CAN"]

1. e4 c5 2. Nf3 e6 3. d4 cxd4 4. Nxd4 a6 5. Nc3 b5 6. a3 Bb7 7. f3 Qc7 8. Be3
Nc6 9. Qd2 Ne5 10. O-O-O b4 11. Nb1 bxa3 12. Nxa3 Nf6 13. Bf4 d6 14. Qb4 Nfd7
15. Qa4 Be7 16. Bc4 O-O 17. Bxe5 Nc5 18. Nxe6 fxe6 19. Bxe6+ Nxe6 20. Qb3 dxe5
21. Qxe6+ Rf7 22. Rd3 Rc8 23. Rc3 Qb8 24. Nc4 Rc6 25. Qd5 Rc7 26. Rb3 Qc8 27.
Qd3 Rxc4 28. Rxb7 Bg5+ 0-1

[Event "British Columbia op"]
[Site "Richmond CAN"]
[Date "2023.02.18"]
[Round "1.8"]
[White "Yang, Jingyun (Ryan)"]
[Black "Linnick, Mark"]
[Result "1-0"]
[WhiteElo "2214"]
[BlackElo "1843"]
[PlyCount "57"]
[EventDate "2023.02.18"]
[EventType "swiss"]
[EventRounds "6"]
[EventCountry "CAN"]

1. Nf3 f5 2. d4 Nf6 3. c4 e6 4. g3 d6 5. Nc3 g6 6. Bg2 Bg7 7. O-O O-O 8. Qc2
Nbd7 9. Rd1 Qe8 10. e4 Nxe4 11. Nxe4 fxe4 12. Qxe4 e5 13. Qh4 Qf7 14. Be3 Qxc4
15. Rac1 Qa4 16. b3 Qxa2 17. Ng5 Nf6 18. dxe5 dxe5 19. Rxc7 h6 20. Qc4+ Kh8 21.
Nf7+ Kh7 22. Nxe5 Bf5 23. g4 Rae8 24. gxf5 Rxe5 25. Rxg7+ Kh8 26. Rxg6 Ng8 27.
Bd4 Qa5 28. b4 Qc7 29. Qxc7 1-0

[Event "British Columbia op"]
[Site "Richmond CAN"]
[Date "2023.02.18"]
[Round "1.9"]
[White "Hawkshaw, Kevin"]
[Black "Moura, Eduardo"]
[Result "1/2-1/2"]
[WhiteElo "1841"]
[BlackElo "2203"]
[PlyCount "93"]
[EventDate "2023.02.18"]
[EventType "swiss"]
[EventRounds "6"]
[EventCountry "CAN"]

1. c4 g6 2. Nf3 Bg7 3. d4 c5 4. d5 Nf6 5. Nc3 O-O 6. e4 d6 7. Be2 e6 8. O-O
exd5 9. cxd5 Bg4 10. Qc2 a6 11. a4 Re8 12. Re1 Bxf3 13. Bxf3 Nbd7 14. g3 Rb8
15. a5 h5 16. Bg5 b5 17. axb6 Qxb6 18. Ra2 Ng4 19. h3 Nge5 20. Bg2 c4 21. Be3
Qb3 22. Qxb3 Rxb3 23. Rxa6 Nd3 24. Rea1 Nxb2 25. Rxd6 Ne5 26. Ne2 c3 27. Nd4
Rb7 28. Rc1 Nbc4 29. Ra6 Nxe3 30. fxe3 Rc8 31. Ra3 Rbc7 32. Bf1 Rc5 33. Kf2 Nc4
34. Raxc3 Nd2 35. Rxc5 Rxc5 36. Rxc5 Nxe4+ 37. Kf3 Nxc5 38. Nc6 Kf8 39. Bb5 f5
40. d6 Bf6 41. Nd4 Be5 42. d7 Bc7 43. Nc6 Nxd7 44. g4 fxg4+ 45. hxg4 Ne5+ 46.
Nxe5 Bxe5 47. gxh5 1/2-1/2

[Event "British Columbia op"]
[Site "Richmond CAN"]
[Date "2023.02.18"]
[Round "1.10"]
[White "Albitar, Hani"]
[Black "Turner, John"]
[Result "1-0"]
[WhiteElo "2190"]
[BlackElo "1838"]
[PlyCount "61"]
[EventDate "2023.02.18"]
[EventType "swiss"]
[EventRounds "6"]
[EventCountry "CAN"]

1. d4 d6 2. e4 Nf6 3. Nc3 g6 4. Be3 Bg7 5. Qd2 h5 6. h3 c6 7. f4 d5 8. e5 Ne4
9. Nxe4 dxe4 10. Ne2 Bf5 11. Nc3 e6 12. g3 Nd7 13. Bg2 Nb6 14. Nxe4 Nc4 15. Qc3
Bxe4 16. Bxe4 Nb6 17. Bf2 Nd5 18. Qd2 Bf8 19. O-O Ne7 20. c4 Bh6 21. Rad1 Qd7
22. b4 Rd8 23. a4 a6 24. a5 Nf5 25. Qc3 g5 26. fxg5 Bxg5 27. d5 cxd5 28. Bxf5
exf5 29. e6 Qxe6 30. Qxh8+ Kd7 31. Rxd5+ 1-0

[Event "British Columbia op"]
[Site "Richmond CAN"]
[Date "2023.02.18"]
[Round "2.1"]
[White "Le, Quang Long"]
[Black "Qu, Leo"]
[Result "1-0"]
[WhiteElo "2463"]
[BlackElo "2019"]
[PlyCount "85"]
[EventDate "2023.02.18"]
[EventType "swiss"]
[EventRounds "6"]
[EventCountry "CAN"]

1. c4 Nf6 2. g3 g6 3. Bg2 Bg7 4. Nf3 O-O 5. O-O d6 6. d4 c5 7. Nc3 Nc6 8. d5
Na5 9. Nd2 e6 10. e4 exd5 11. cxd5 a6 12. Rb1 Ng4 13. Qc2 b5 14. b3 f5 15. h3
Nf6 16. Bb2 Bd7 17. Rbd1 Rc8 18. Rfe1 Re8 19. exf5 Bxf5 20. Qc1 b4 21. Ne2 g5
22. g4 Bd3 23. Ng3 h6 24. Qa1 Rc7 25. Kh2 Bg6 26. Rxe8+ Nxe8 27. Nde4 Rf7 28.
Bf1 Nf6 29. Nxf6+ Bxf6 30. Bxa6 c4 31. Bxc4 Nxc4 32. bxc4 Qb6 33. Nh1 Be5+ 34.
Kg1 Bf4 35. Re1 Kh7 36. Re8 Bc2 37. Qe1 Be5 38. Bxe5 dxe5 39. Qxe5 Rg7 40. Ng3
Bg6 41. Re7 Rxe7 42. Qxe7+ Kg8 43. d6 1-0